[Event "11. Hogeschool Zeeland Tournament"]
[Site "Vlissingen NED"]
[Date "2007.08.09"]
[Round "7.39"]
[White "Kossen, Johannes"]
[Black "Oosterom, Erik"]
[Result "0-1"]
[PlyCount "50"]
[EventDate "2007.08.04"]
[EventType "swiss"]
[EventRounds "9"]
[EventCountry "NED"]
[Source "lmi"]
[SourceDate "2007.08.04"]
[WhiteElo "1985"]
[BlackElo "2132"]

1. c4 e5 2. Nc3 Nf6 3. Nf3 Nc6 4. d4 exd4 5. Nxd4 Bb4 6. g3 Ne4 7. Nxc6 dxc6 8.
Qxd8+ Kxd8 9. a3 Bxc3+ 10. bxc3 Be6 11. f3 Nc5 12. e4 Kc8 13. Be3 Nb3 14. Rb1
Na5 15. Rb4 Rd8 16. c5 Nb3 17. Bc4 Bxc4 18. Rxc4 b5 19. cxb6 axb6 20. Rxc6 Kb7
21. Rc4 Rxa3 22. O-O Rd3 23. Bc1 Ra2 24. Bf4 c5 25. Rb1 b5 0-1

[Event "11. Hogeschool Zeeland Tournament"]
[Site "Vlissingen NED"]
[Date "2007.08.09"]
[Round "7.41"]
[White "Soors, Stef"]
[Black "Van de Wynkele, Eric"]
[Result "1/2-1/2"]
[PlyCount "60"]
[EventDate "2007.08.04"]
[EventType "swiss"]
[EventRounds "9"]
[EventCountry "NED"]
[Source "lmi"]
[SourceDate "2007.08.04"]
[WhiteElo "2126"]
[BlackElo "1998"]

1. d4 Nf6 2. c4 d6 3. Nc3 e5 4. d5 c6 5. e4 cxd5 6. cxd5 Be7 7. Bd3 O-O 8. Nge2
Nbd7 9. O-O a6 10. a4 b6 11. b4 Nh5 12. g3 g6 13. Bh6 Ng7 14. Qd2 Nf6 15. f3
Kh8 16. g4 Ng8 17. Be3 f5 18. gxf5 gxf5 19. f4 Bf6 20. Rae1 Ra7 21. a5 Re7 22.
Bxb6 Qe8 23. Kh1 exf4 24. Nxf4 Bxc3 25. Qxc3 fxe4 26. Bd4 Rff7 27. Rg1 exd3 28.
Nh5 Bg4 29. Ref1 Qd7 30. Rxf7 Rxf7 1/2-1/2

[Event "11. Hogeschool Zeeland Tournament"]
[Site "Vlissingen NED"]
[Date "2007.08.09"]
[Round "7.42"]
[White "Van Loon, Eric"]
[Black "Wee, Chu En Kelvin"]
[Result "0-1"]
[PlyCount "54"]
[EventDate "2007.08.04"]
[EventType "swiss"]
[EventRounds "9"]
[EventCountry "NED"]
[Source "lmi"]
[SourceDate "2007.08.04"]
[WhiteElo "2117"]
[BlackElo "1930"]

1. e4 c5 2. Nf3 e6 3. d4 cxd4 4. Nxd4 Nf6 5. Nc3 d6 6. Be2 Be7 7. O-O O-O 8.
Be3 a6 9. f4 Nc6 10. Qe1 Nxd4 11. Bxd4 b5 12. Bf3 Bb7 13. Rd1 Qc7 14. e5 Ne8
15. Bxb7 Qxb7 16. Ne4 Rd8 17. exd6 Nxd6 18. Nxd6 Bxd6 19. Bxg7 Bc5+ 20. Kh1
Rxd1 21. Qxd1 Kxg7 22. Qh5 f5 23. Rf3 Rf6 24. Rh3 h6 25. Rg3+ Kh7 26. Qe8 Bf8
27. Rd3 Bg7 0-1

[Event "11. Hogeschool Zeeland Tournament"]
[Site "Vlissingen NED"]
[Date "2007.08.09"]
[Round "7.43"]
[White "Westerweele, Maarten"]
[Black "In 't Veld, Rene"]
[Result "0-1"]
[PlyCount "129"]
[EventDate "2007.08.04"]
[EventType "swiss"]
[EventRounds "9"]
[EventCountry "NED"]
[Source "lmi"]
[SourceDate "2007.08.04"]
[WhiteElo "1940"]
[BlackElo "2116"]

1. e4 c5 2. d4 cxd4 3. c3 dxc3 4. Nxc3 Nc6 5. Nf3 d6 6. Bc4 a6 7. O-O Nf6 8. h3
e6 9. Qe2 Be7 10. Rd1 Bd7 11. Bf4 e5 12. Bg5 Qb8 13. Bxf6 Bxf6 14. Qd2 b5 15.
Bd5 Be7 16. Ne2 O-O 17. Ng3 Qb6 18. Rac1 Rac8 19. b4 Rc7 20. a3 Rfc8 21. Bxc6
Rxc6 22. Rxc6 Qxc6 23. Nxe5 Qb7 24. Nxd7 Qxd7 25. Nf5 Rd8 26. Qd4 Bf6 27. Qb6
Qc8 28. g3 g6 29. Ne3 Bb2 30. Nd5 Rd7 31. Kg2 Kg7 32. Rd3 Qc2 33. Qe3 Qb1 34.
Qe2 Qa1 35. Qf3 Rd8 36. h4 h5 37. g4 Rc8 38. gxh5 Rc1 39. h6+ Kf8 40. Qh3 Qb1
41. Nf4 Rg1+ 42. Kf3 f5 43. exf5 g5 44. hxg5 Rxg5 45. Ne6+ Kg8 46. Ke4 d5+ 47.
Kf4 Bc1+ 48. Ke5 Qb2+ 49. Kd6 Qf6 50. Rxd5 Kh7 51. Kc6 Rg8 52. Rd7+ Kh8 53. h7
Re8 54. Kb7 Bb2 55. Qh5 Re7 56. Qd1 Be5 57. Qd5 Kxh7 58. Kc6 Rxd7 59. Qxd7+ Kh6
60. Qd2+ Kh5 61. Kd5 Bc3 62. Qf4 Bd2 63. Qh2+ Qh4 64. Ng7+ Kg4 65. Qg2+ 0-1

[Event "11. Hogeschool Zeeland Tournament"]
[Site "Vlissingen NED"]
[Date "2007.08.09"]
[Round "7.44"]
[White "Kuijpers, Jos"]
[Black "Porte, Henrik"]
[Result "0-1"]
[PlyCount "62"]
[EventDate "2007.08.04"]
[EventType "swiss"]
[EventRounds "9"]
[EventCountry "NED"]
[Source "lmi"]
[SourceDate "2007.08.04"]
[WhiteElo "1927"]
[BlackElo "2105"]

1. b3 d5 2. Bb2 e6 3. e3 Nf6 4. c4 Be7 5. Be2 O-O 6. f4 b6 7. Nf3 Bb7 8. Nc3 c5
9. cxd5 exd5 10. Qc2 Nc6 11. a3 Rc8 12. Bd3 d4 13. Ne4 Nd5 14. Neg5 g6 15. Kf2
dxe3+ 16. dxe3 Ndb4 17. Bxg6 hxg6 18. axb4 Nxb4 19. Qe2 Nd3+ 20. Kg1 Nxb2 21.
Qxb2 Bf6 22. Ne5 Bxe5 23. Qxe5 Qd2 24. e4 Qe3+ 25. Kf1 a5 26. g3 Rce8 27. Qb2
Rd8 28. Qe2 Ba6 29. Qxa6 Rd2 30. Nh3 Qf3+ 31. Kg1 Qg2# 0-1

[Event "11. Hogeschool Zeeland Tournament"]
[Site "Vlissingen NED"]
[Date "2007.08.09"]
[Round "7.46"]
[White "Ten Hagen, Yorick"]
[Black "Niesert, Loet"]
[Result "0-1"]
[PlyCount "96"]
[EventDate "2007.08.04"]
[EventType "swiss"]
[EventRounds "9"]
[EventCountry "NED"]
[Source "lmi"]
[SourceDate "2007.08.04"]
[WhiteElo "2093"]
[BlackElo "1895"]

1. d4 d5 2. Nf3 Nf6 3. e3 e6 4. Bd3 Bd6 5. O-O Nbd7 6. c4 c6 7. Qc2 O-O 8. b3
e5 9. cxd5 e4 10. Bxe4 Nxe4 11. Qxe4 Nf6 12. Qc2 cxd5 13. Bb2 Ne4 14. Nbd2 Bf5
15. Nxe4 Bxe4 16. Qe2 Rc8 17. Rfc1 Re8 18. Nd2 Bf5 19. Qf3 Qd7 20. Rxc8 Rxc8
21. e4 Rc2 22. exf5 Rxb2 23. Qc3 Ba3 24. Nb1 Qxf5 25. Nd2 Qc2 26. Qxc2 Rxc2 27.
Nf1 Bc1 28. a4 Kf8 29. a5 Ke7 30. Ng3 g6 31. h3 Bd2 32. Nf1 Bc1 33. g3 Kd6 34.
Kg2 Rc3 35. Nh2 Bb2 36. Rb1 Rxb3 37. Ng4 Rb5 38. Ne5 a6 39. Nxf7+ Ke7 40. Ng5
Bxd4 41. Re1+ Kd6 42. Nxh7 Rxa5 43. Nf8 b5 44. Rd1 Bc3 45. Nxg6 b4 46. Rb1 Ra1
47. Rb3 a5 48. h4 a4 0-1

[Event "11. Hogeschool Zeeland Tournament"]
[Site "Vlissingen NED"]
[Date "2007.08.09"]
[Round "7.47"]
[White "Zomer, Koos"]
[Black "Foo, Benjamin"]
[Result "0-1"]
[PlyCount "56"]
[EventDate "2007.08.04"]
[EventType "swiss"]
[EventRounds "9"]
[EventCountry "NED"]
[Source "lmi"]
[SourceDate "2007.08.04"]
[WhiteElo "2092"]
[BlackElo "1840"]

1. d4 Nf6 2. Nf3 d5 3. e3 e6 4. Bd3 Bd6 5. Nbd2 O-O 6. O-O b6 7. e4 dxe4 8.
Nxe4 Nbd7 9. Nxd6 cxd6 10. Bg5 Bb7 11. Re1 Qc7 12. Rc1 Rfe8 13. c4 e5 14. d5 e4
15. Nd4 exd3 16. Nb5 Qb8 17. Qxd3 a6 18. Rxe8+ Nxe8 19. Nd4 Ne5 20. Qg3 b5 21.
b3 bxc4 22. bxc4 Qc8 23. c5 Bxd5 24. cxd6 Nc4 25. Be7 Qd7 26. Qg5 Be6 27. Rxc4
Bxc4 28. Nf5 Qe6 0-1

[Event "11. Hogeschool Zeeland Tournament"]
[Site "Vlissingen NED"]
[Date "2007.08.10"]
[Round "8.4"]
[White "Van Haastert, Edwin"]
[Black "Kasimdzhanov, Rustam"]
[Result "0-1"]
[PlyCount "120"]
[EventDate "2007.08.04"]
[EventType "swiss"]
[EventRounds "9"]
[EventCountry "NED"]
[Source "lmi"]
[SourceDate "2007.08.04"]
[WhiteElo "2408"]
[BlackElo "2683"]

1. e4 e6 2. d4 d5 3. Nc3 Nf6 4. e5 Nfd7 5. f4 c5 6. Nf3 Nc6 7. Be3 Be7 8. Qd2
O-O 9. dxc5 Bxc5 10. Bxc5 Nxc5 11. O-O-O Qa5 12. Kb1 Bd7 13. h4 Rac8 14. h5 h6
15. Nd4 Rfd8 16. Rh3 Be8 17. g4 Nxd4 18. Qxd4 Ne4 19. b4 Qc7 20. Kb2 a6 21. Rc1
Qe7 22. a3 a5 23. bxa5 Qc5 24. Qxc5 Nxc5 25. Rd1 d4 26. Na2 Kf8 27. Nb4 Ra8 28.
Bc4 Rxa5 29. Bb3 Ne4 30. Rf3 Ke7 31. Re1 Nc3 32. f5 Bb5 33. f6+ gxf6 34. exf6+
Kd6 35. Rf4 e5 36. Rf2 Bd7 37. Bxf7 Bxg4 38. Rg2 Bf3 39. Rg7 Rf8 40. Rh7 e4 41.
Rg1 Bxh5 42. Bxh5 Rxh5 43. Rxb7 Rxf6 44. Rb6+ Ke5 45. Nc6+ Kf4 46. Rf1+ Ke3 47.
Rxf6 Na4+ 48. Kb3 Nxb6 49. a4 Nd7 50. Rd6 Nc5+ 51. Kc4 Nb7 52. Re6 Rc5+ 53. Kb4
Rxc2 54. Rxh6 d3 55. Rh3+ Kf2 56. Ne5 Kg2 57. Rh7 d2 58. Ng4 Kf3 59. Nh2+ Kf4
60. Rf7+ Ke5 0-1

[Event "11. Hogeschool Zeeland Tournament"]
[Site "Vlissingen NED"]
[Date "2007.08.10"]
[Round "8.5"]
[White "Stellwagen, Daniel"]
[Black "Grooten, Herman"]
[Result "0-1"]
[PlyCount "88"]
[EventDate "2007.08.04"]
[EventType "swiss"]
[EventRounds "9"]
[EventCountry "NED"]
[Source "lmi"]
[SourceDate "2007.08.04"]
[WhiteElo "2631"]
[BlackElo "2370"]

1. e4 c6 2. d4 d5 3. Nc3 dxe4 4. Nxe4 Bf5 5. Ng3 Bg6 6. h4 h6 7. Nf3 Nd7 8. h5
Bh7 9. Bd3 Bxd3 10. Qxd3 e6 11. Bf4 Qa5+ 12. Bd2 Bb4 13. c3 Be7 14. c4 Qc7 15.
O-O-O Ngf6 16. Kb1 O-O 17. Rhe1 Rfe8 18. Ne5 Bd6 19. f4 Rad8 20. Bc3 b5 21.
cxb5 cxb5 22. Qxb5 Rb8 23. Qa5 Rb6 24. Rc1 Reb8 25. Ka1 Qb7 26. Nc4 Bxf4 27.
Nxb6 axb6 28. Qb5 Bxg3 29. Rf1 Qd5 30. Qxd5 Nxd5 31. Bd2 N7f6 32. Rf3 Bd6 33.
Rc6 Be7 34. Rh3 Ne4 35. Be1 f5 36. Bg3 f4 37. Bh2 Kf7 38. Rf3 Bg5 39. a3 Ra8
40. Rf1 Ra4 41. Bg1 Ke7 42. Rc8 Ne3 43. Rc7+ Kd6 44. Rfc1 Nc5 0-1

[Event "11. Hogeschool Zeeland Tournament"]
[Site "Vlissingen NED"]
[Date "2007.08.10"]
[Round "8.6"]
[White "Afek, Yochanan"]
[Black "Romanishin, Oleg M"]
[Result "1/2-1/2"]
[PlyCount "56"]
[EventDate "2007.08.04"]
[EventType "swiss"]
[EventRounds "9"]
[EventCountry "NED"]
[Source "lmi"]
[SourceDate "2007.08.04"]
[WhiteElo "2350"]
[BlackElo "2546"]

1. e4 c5 2. Nf3 e6 3. c3 Qa5 4. Bd3 Ne7 5. O-O Ng6 6. Bc2 c4 7. d4 cxd3 8. Qxd3
Nc6 9. c4 Nb4 10. Qc3 Qc7 11. Ba4 b6 12. Rd1 Nc6 13. Na3 a6 14. Be3 f6 15. Nc2
Be7 16. b4 O-O 17. Bb3 Bb7 18. c5 Nce5 19. Nxe5 Nxe5 20. f3 bxc5 21. Bxc5 Rac8
22. Qd4 Bxc5 23. bxc5 Qxc5 24. f4 Nc4 25. Qxc5 Rxc5 26. Rxd7 Bc8 27. Ra7 Na5
28. Nd4 Nxb3 1/2-1/2

[Event "11. Hogeschool Zeeland Tournament"]
[Site "Vlissingen NED"]
[Date "2007.08.10"]
[Round "8.7"]
[White "Peralta, Fernando"]
[Black "Piasetski, Leon"]
[Result "1-0"]
[PlyCount "63"]
[EventDate "2007.08.04"]
[EventType "swiss"]
[EventRounds "9"]
[EventCountry "NED"]
[Source "lmi"]
[SourceDate "2007.08.04"]
[WhiteElo "2546"]
[BlackElo "2307"]

1. d4 Nf6 2. c4 e6 3. Nc3 Bb4 4. e3 b6 5. Nge2 c5 6. a3 Ba5 7. Rb1 Qe7 8. Bd2
O-O 9. b4 cxb4 10. axb4 Bxb4 11. Rxb4 Qxb4 12. Nd5 Qxc4 13. Nec3 exd5 14. Bxc4
dxc4 15. e4 Bb7 16. f3 d5 17. Bg5 Nbd7 18. e5 Nh5 19. g4 f6 20. Be3 Nxe5 21.
dxe5 fxe5 22. gxh5 d4 23. O-O dxe3 24. Qe2 Rf4 25. Qxe3 Raf8 26. Qxe5 Bxf3 27.
Ne2 Rg4+ 28. Ng3 Rgf4 29. Qe6+ Kh8 30. h6 gxh6 31. Nh5 Rg4+ 32. Qxg4 1-0

[Event "11. Hogeschool Zeeland Tournament"]
[Site "Vlissingen NED"]
[Date "2007.08.10"]
[Round "8.8"]
[White "Van Riemsdijk, Herman C"]
[Black "De Jong, Migchiel"]
[Result "0-1"]
[PlyCount "98"]
[EventDate "2007.08.04"]
[EventType "swiss"]
[EventRounds "9"]
[EventCountry "NED"]
[Source "lmi"]
[SourceDate "2007.08.04"]
[WhiteElo "2420"]
[BlackElo "2286"]

1. e4 c5 2. Nf3 d6 3. d4 cxd4 4. Nxd4 Nf6 5. Nc3 a6 6. Bg5 e6 7. Qf3 h6 8. Bxf6
Qxf6 9. Qxf6 gxf6 10. f4 h5 11. Bc4 Nc6 12. O-O-O Bd7 13. Rhf1 Rc8 14. Bb3 Bh6
15. Nde2 Ke7 16. Rd3 Rcg8 17. g3 Bc8 18. Kb1 h4 19. Rfd1 hxg3 20. hxg3 Rd8 21.
Rh1 Bg7 22. Rdd1 b5 23. a3 Rdg8 24. Kc1 Bb7 25. Ba2 Rxh1 26. Rxh1 f5 27. exf5
Nd4 28. Rh3 Nxf5 29. g4 Nd4 30. g5 Nf5 31. Nd1 Bg2 32. Rh2 Bf3 33. Kd2 d5 34.
c3 Nd6 35. Bb1 Nc4+ 36. Ke1 Rh8 37. Rxh8 Bxh8 38. Kf2 Bg4 39. Bd3 f6 40. Bxc4
bxc4 41. Ne3 Bh5 42. f5 fxg5 43. Ng3 Bf7 44. fxe6 Bxe6 45. Nc2 Kd6 46. Ne2 Be5
47. Ke3 Bf5 48. Ncd4 Bd3 49. Nc1 Bf4+ 0-1

[Event "11. Hogeschool Zeeland Tournament"]
[Site "Vlissingen NED"]
[Date "2007.08.10"]
[Round "8.9"]
[White "Krasenkow, Michal"]
[Black "Tiggelman, Rene"]
[Result "1-0"]
[PlyCount "93"]
[EventDate "2007.08.04"]
[EventType "swiss"]
[EventRounds "9"]
[EventCountry "NED"]
[Source "lmi"]
[SourceDate "2007.08.04"]
[WhiteElo "2660"]
[BlackElo "2210"]

1. Nf3 Nf6 2. c4 g6 3. Nc3 Bg7 4. e4 d6 5. d4 O-O 6. h3 c5 7. d5 e6 8. Bd3 exd5
9. cxd5 Na6 10. O-O Nc7 11. Re1 Rb8 12. a4 Na6 13. Bf4 Nb4 14. Bc4 Ne8 15. Qd2
a6 16. Bf1 f6 17. Na2 Nxa2 18. Rxa2 a5 19. Ra3 Bd7 20. Qc2 b6 21. Bh2 Rf7 22.
Nd2 f5 23. e5 dxe5 24. Bxe5 Bxe5 25. Rxe5 Nd6 26. Nc4 Qf8 27. f4 Nxc4 28. Bxc4
Qd6 29. Qe2 Rbf8 30. g3 Rg7 31. Rae3 g5 32. fxg5 Rxg5 33. b3 Rg7 34. Rf3 f4 35.
g4 Bxg4 36. hxg4 Rxg4+ 37. Kf1 Qg6 38. Qf2 Kh8 39. Re7 Qh6 40. Qb2+ Rf6 41. Ke1
Rg1+ 42. Rf1 Rxf1+ 43. Bxf1 Kg8 44. Qe5 Qh4+ 45. Kd1 f3 46. d6 f2 47. Qd5+ 1-0

[Event "11. Hogeschool Zeeland Tournament"]
[Site "Vlissingen NED"]
[Date "2007.08.10"]
[Round "8.10"]
[White "Flores, Diego"]
[Black "Doggers, Peter"]
[Result "1-0"]
[PlyCount "120"]
[EventDate "2007.08.04"]
[EventType "swiss"]
[EventRounds "9"]
[EventCountry "NED"]
[Source "lmi"]
[SourceDate "2007.08.04"]
[WhiteElo "2560"]
[BlackElo "2233"]

1. c4 Nf6 2. Nc3 g6 3. e4 d6 4. g3 Bg7 5. Bg2 O-O 6. Nge2 c5 7. O-O Nc6 8. a3
Bd7 9. Rb1 a5 10. h3 Ne8 11. d3 Nc7 12. Be3 Ne6 13. Nb5 Ned4 14. Nec3 Nxb5 15.
cxb5 Nd4 16. a4 Rb8 17. Ne2 Nxe2+ 18. Qxe2 b6 19. Qd2 Bc8 20. f4 f5 21. exf5
gxf5 22. d4 Bb7 23. d5 Qe8 24. Rfe1 Qf7 25. Bf2 Rbe8 26. Re2 Bf6 27. Rbe1 Kh8
28. Kh2 Rg8 29. Bf3 Bc8 30. Qd1 Rd8 31. Re3 Qg7 32. R1e2 Rd7 33. Qc2 Rc7 34.
Be1 Qg6 35. Rg2 Rg7 36. Bc3 Kg8 37. Be2 Kf8 38. Bd3 Bxc3 39. bxc3 Rf7 40. Bc4
Rf6 41. Qd1 Qg7 42. Qf3 Rh6 43. Rge2 Rf6 44. Bd3 Rf7 45. Bc2 Rf6 46. Kg1 Rh6
47. Rh2 Rf6 48. Kf1 Bb7 49. g4 fxg4 50. hxg4 e5 51. Bf5 exf4 52. Qxf4 Bc8 53.
Rhe2 h6 54. Re8+ Kf7 55. Qe4 Rxf5+ 56. gxf5 Qf6 57. Rf8+ Kxf8 58. Qe8+ Kg7 59.
Rg2+ Qg5 60. Rf2 Bxf5 1-0

[Event "11. Hogeschool Zeeland Tournament"]
[Site "Vlissingen NED"]
[Date "2007.08.10"]
[Round "8.12"]
[White "Rosmuller, Anton"]
[Black "D`Costa, Lorin A R"]
[Result "0-1"]
[PlyCount "58"]
[EventDate "2007.08.04"]
[EventType "swiss"]
[EventRounds "9"]
[EventCountry "NED"]
[Source "lmi"]
[SourceDate "2007.08.04"]
[WhiteElo "2114"]
[BlackElo "2384"]

1. d4 Nf6 2. c4 e6 3. Nc3 Bb4 4. e3 b6 5. Nge2 c5 6. a3 Ba5 7. Rb1 Na6 8. Ng3
Bb7 9. Bd3 h5 10. h4 Bxg2 11. Rg1 Bb7 12. d5 Bxc3+ 13. bxc3 Qc7 14. e4 O-O-O
15. Bg5 Rde8 16. Bxf6 gxf6 17. Qf3 f5 18. Kd2 fxe4 19. Bxe4 f5 20. Bd3 exd5 21.
cxd5 c4 22. Bxf5 Qd6 23. Kc2 Qxa3 24. Ra1 Nb4+ 25. Kb1 Qb3+ 26. Kc1 Bxd5 27.
Qd1 Qxc3+ 28. Kb1 a5 29. Ne2 Qe5 0-1

[Event "11. Hogeschool Zeeland Tournament"]
[Site "Vlissingen NED"]
[Date "2007.08.10"]
[Round "8.13"]
[White "Meinhardt, Maximilian"]
[Black "Muter, Donny"]
[Result "1/2-1/2"]
[PlyCount "84"]
[EventDate "2007.08.04"]
[EventType "swiss"]
[EventRounds "9"]
[EventCountry "NED"]
[Source "lmi"]
[SourceDate "2007.08.04"]
[WhiteElo "2378"]
[BlackElo "2212"]

1. e4 Nf6 2. e5 Nd5 3. d4 d6 4. c4 Nb6 5. exd6 exd6 6. Nc3 Nc6 7. Be3 Be7 8.
Bd3 Nb4 9. Be2 Bf5 10. Rc1 a5 11. a3 Nc6 12. b3 O-O 13. Qd2 Re8 14. h3 Bf6 15.
g4 Be4 16. Nxe4 Rxe4 17. Nf3 g6 18. O-O d5 19. Bd3 Re8 20. c5 Nd7 21. Bb5 Bg7
22. Bg5 Bf6 23. Be3 Bg7 24. Bg5 Bf6 25. Rfe1 Re4 26. Bxc6 bxc6 27. Bxf6 Rxe1+
28. Rxe1 Qxf6 29. Kg2 Nf8 30. Re5 Ne6 31. Kg3 h6 32. h4 Rb8 33. Qe3 Kg7 34. g5
hxg5 35. Nxg5 Re8 36. f4 Rh8 37. Nxe6+ fxe6 38. Rg5 Kf7 39. Qe5 Qxe5 40. Rxe5
Rb8 41. Re3 Kf6 42. Kg4 Rb7 1/2-1/2

[Event "11. Hogeschool Zeeland Tournament"]
[Site "Vlissingen NED"]
[Date "2007.08.10"]
[Round "8.17"]
[White "Zaragatski, Ilja"]
[Black "Van Weersel, Arlette"]
[Result "1-0"]
[PlyCount "81"]
[EventDate "2007.08.04"]
[EventType "swiss"]
[EventRounds "9"]
[EventCountry "NED"]
[Source "lmi"]
[SourceDate "2007.08.04"]
[WhiteElo "2480"]
[BlackElo "2158"]

1. e4 e5 2. Nf3 Nc6 3. Bb5 a6 4. Ba4 Nf6 5. O-O b5 6. Bb3 Be7 7. Re1 O-O 8. d4
d6 9. c3 Bb7 10. Nbd2 Nd7 11. Nf1 Na5 12. Bc2 c5 13. d5 Nc4 14. a4 bxa4 15.
Rxa4 Ncb6 16. Ra2 f5 17. exf5 Bxd5 18. b3 Bb7 19. c4 Nb8 20. Ng3 Nc6 21. Be4
Qc7 22. Ng5 Bxg5 23. Bxg5 Nd4 24. Bb1 Nd7 25. f4 h6 26. Qh5 Rf7 27. Rf2 hxg5
28. fxg5 Kf8 29. f6 Nxf6 30. gxf6 Rxf6 31. Qh8+ Kf7 32. Rxf6+ Kxf6 33. Rf1+
Nf3+ 34. Rxf3+ Bxf3 35. Qh4+ Kf7 36. gxf3 Rb8 37. Be4 Rf8 38. Qh5+ Ke7 39. Qg5+
Ke8 40. Nf5 Qa5 41. Qe7# 1-0

[Event "11. Hogeschool Zeeland Tournament"]
[Site "Vlissingen NED"]
[Date "2007.08.10"]
[Round "8.18"]
[White "Grochal, Joey"]
[Black "Sengupta, Deep"]
[Result "0-1"]
[PlyCount "75"]
[EventDate "2007.08.04"]
[EventType "swiss"]
[EventRounds "9"]
[EventCountry "NED"]
[Source "lmi"]
[SourceDate "2007.08.04"]
[WhiteElo "2152"]
[BlackElo "2435"]

1. e4 c5 2. Nf3 Nc6 3. d4 cxd4 4. Nxd4 Qb6 5. Nb3 Nf6 6. Nc3 e6 7. Be3 Qc7 8.
a3 a6 9. f4 d6 10. Be2 Be7 11. Bf3 O-O 12. O-O b5 13. Qe2 Bb7 14. g4 Rfe8 15.
g5 Nd7 16. Qf2 Rac8 17. Ne2 Bf8 18. c3 Qb8 19. Rad1 Rcd8 20. h4 Qa8 21. Ng3 a5
22. Nd4 Nxd4 23. Bxd4 Nc5 24. f5 Nxe4 25. Bxe4 Bxe4 26. fxe6 fxe6 27. Qf7+ Kh8
28. Nxe4 Qxe4 29. Rf4 Qa8 30. h5 e5 31. h6 gxh6 32. g6 Bg7 33. Rg4 Rf8 34. Qe6
Qf3 35. Rc1 exd4 36. gxh7 Rde8 37. Qd7 Qe3+ 38. Kh2 0-1

[Event "11. Hogeschool Zeeland Tournament"]
[Site "Vlissingen NED"]
[Date "2007.08.10"]
[Round "8.20"]
[White "Dhar-Barua, Saheli"]
[Black "Piceu, Tom"]
[Result "1-0"]
[PlyCount "95"]
[EventDate "2007.08.04"]
[EventType "swiss"]
[EventRounds "9"]
[EventCountry "NED"]
[Source "lmi"]
[SourceDate "2007.08.04"]
[WhiteElo "2142"]
[BlackElo "2350"]

1. e4 c5 2. Nf3 d6 3. d4 cxd4 4. Nxd4 Nf6 5. Nc3 a6 6. Be2 e5 7. Nb3 Be7 8. O-O
O-O 9. Kh1 Nbd7 10. a4 b6 11. Be3 Bb7 12. f3 Qc7 13. Rf2 Rfd8 14. Bf1 Rac8 15.
Rd2 Qb8 16. Nc1 Qa8 17. N1a2 h6 18. b3 Nh5 19. Bc4 Nf4 20. Qf1 Nc5 21. Nb4 Bg5
22. Rad1 a5 23. Nba2 Qb8 24. Nb5 Be7 25. Nac3 Nfe6 26. Nd5 Bxd5 27. Bxd5 Rd7
28. Bc4 Rcd8 29. Nc3 Bg5 30. Bxg5 hxg5 31. Nd5 Nd4 32. c3 Nde6 33. b4 axb4 34.
cxb4 Nxa4 35. Bb5 Ra7 36. Ra1 Nac5 37. bxc5 dxc5 38. Rda2 Rxa2 39. Rxa2 Nd4 40.
Ra6 Rd6 41. Qa1 Kh7 42. Ra8 Qb7 43. Ra7 Qc8 44. Bf1 Qe6 45. Re7 Qg6 46. Qa8 g4
47. Re8 Kh6 48. Ne7 1-0

[Event "11. Hogeschool Zeeland Tournament"]
[Site "Vlissingen NED"]
[Date "2007.08.10"]
[Round "8.21"]
[White "Oosterom, Erik"]
[Black "Shrentzel, Mordechai"]
[Result "1-0"]
[PlyCount "80"]
[EventDate "2007.08.04"]
[EventType "swiss"]
[EventRounds "9"]
[EventCountry "NED"]
[Source "lmi"]
[SourceDate "2007.08.04"]
[WhiteElo "2132"]
[BlackElo "2322"]

1. d4 Nf6 2. c4 d6 3. Nf3 g6 4. Nc3 Bg7 5. e4 O-O 6. h3 c5 7. d5 a6 8. a4 e5 9.
g4 Ne8 10. Bd3 b6 11. Be3 Ra7 12. Rg1 Bd7 13. Nd2 Rb7 14. Qf3 Nc7 15. Qe2 Qe8
16. h4 b5 17. axb5 axb5 18. cxb5 Bxb5 19. Nxb5 Nxb5 20. Bxb5 Qxb5 21. Qxb5 Rxb5
22. Nc4 Rd8 23. Ke2 Bf8 24. Ra8 Rd7 25. Rga1 Rdb7 26. R1a7 Rb4 27. Rxb7 Rxb7
28. Kd3 Be7 29. Kc3 Kg7 30. Bg5 f6 31. Be3 Kf7 32. Na5 Rb6 33. Nc4 Rb7 34. f3
Bf8 35. Na5 Rb6 36. Ra7+ Be7 37. Nc4 Ra6 38. Rb7 Ra8 39. Nxd6+ Kf8 40. Nc8 Nd7
1-0

[Event "11. Hogeschool Zeeland Tournament"]
[Site "Vlissingen NED"]
[Date "2007.08.10"]
[Round "8.23"]
[White "In 't Veld, Rene"]
[Black "Lacrosse, Marc"]
[Result "0-1"]
[PlyCount "104"]
[EventDate "2007.08.04"]
[EventType "swiss"]
[EventRounds "9"]
[EventCountry "NED"]
[Source "lmi"]
[SourceDate "2007.08.04"]
[WhiteElo "2116"]
[BlackElo "2301"]

1. e4 e5 2. Nf3 Nc6 3. Nc3 Nf6 4. Nxe5 Nxe5 5. d4 Ng6 6. e5 Ng8 7. Bc4 Bb4 8.
Qf3 Qe7 9. O-O Bxc3 10. bxc3 Nh6 11. a4 O-O 12. g3 d6 13. Re1 dxe5 14. Ba3 Qf6
15. Qxf6 gxf6 16. Bxf8 Kxf8 17. Rab1 b6 18. Bd5 Rb8 19. h4 Bf5 20. h5 Ne7 21.
Bb3 exd4 22. cxd4 Rd8 23. Rbd1 Bg4 24. Rd2 Bxh5 25. a5 Nhf5 26. c3 Bf3 27. axb6
axb6 28. Ra2 Bd5 29. c4 Nxd4 30. cxd5 Nxb3 31. d6 cxd6 32. Rb2 Nd4 33. Re4 Nf3+
34. Kg2 Ng5 35. Rh4 Nf5 36. Rhb4 d5 37. Rxb6 Kg7 38. Rd2 Rd7 39. Rb5 Ne7 40. f3
f5 41. Kf2 Ra7 42. Rc2 Ra3 43. Rc7 Rxf3+ 44. Kg2 Re3 45. Rbb7 Ng6 46. Rd7 f4
47. Kf2 Nh3+ 48. Kf1 Rf3+ 49. Kg2 Rxg3+ 50. Kh2 Ne5 51. Rxd5 Nf3+ 52. Kh1 Nf2#
0-1

[Event "11. Hogeschool Zeeland Tournament"]
[Site "Vlissingen NED"]
[Date "2007.08.10"]
[Round "8.24"]
[White "Porte, Henrik"]
[Black "Schuurman, Petra"]
[Result "1/2-1/2"]
[PlyCount "91"]
[EventDate "2007.08.04"]
[EventType "swiss"]
[EventRounds "9"]
[EventCountry "NED"]
[Source "lmi"]
[SourceDate "2007.08.04"]
[WhiteElo "2105"]
[BlackElo "2290"]

1. d4 Nf6 2. c4 e6 3. Nc3 Bb4 4. Qc2 O-O 5. e4 d5 6. e5 Ne4 7. Bd3 c5 8. Nge2
cxd4 9. Nxd4 dxc4 10. Bxe4 Qxd4 11. Bf4 f5 12. exf6 Qxf6 13. Be3 h6 14. Rd1 Nc6
15. O-O Kh8 16. Ne2 e5 17. Qxc4 Be6 18. Qb5 Qe7 19. Bxc6 bxc6 20. Qxe5 Bxa2 21.
Qxe7 Bxe7 22. Nf4 Kh7 23. Rd7 Bf6 24. Ra1 Rfd8 25. Rxd8 Rxd8 26. f3 Bc4 27.
Rxa7 Bxb2 28. Rc7 Rd6 29. Kf2 Be5 30. Ra7 Rd1 31. h4 Rf1+ 32. Kg3 Re1 33. Bf2
Re2 34. Bc5 Ra2 35. Rb7 Bf1 36. Kg4 Bxg2 37. Ne6 Ra5 38. Kf5 Bd6 39. Rxg7+ Kh8
40. Rxg2 Bxc5 41. Nxc5 Rxc5+ 42. Kg6 Rd5 43. Kxh6 Rf5 44. Rg6 Rxf3 45. Rxc6 Kg8
46. h5 1/2-1/2

[Event "11. Hogeschool Zeeland Tournament"]
[Site "Vlissingen NED"]
[Date "2007.08.10"]
[Round "8.26"]
[White "Bodicker, Rob"]
[Black "Kuipers, Stefan"]
[Result "0-1"]
[PlyCount "78"]
[EventDate "2007.08.04"]
[EventType "swiss"]
[EventRounds "9"]
[EventCountry "NED"]
[Source "lmi"]
[SourceDate "2007.08.04"]
[WhiteElo "2095"]
[BlackElo "2245"]

1. d4 d5 2. Nf3 Nf6 3. g3 Bf5 4. Bg2 e6 5. O-O Be7 6. c4 c6 7. Qb3 Qb6 8. Qxb6
axb6 9. Ne5 Bxb1 10. Rxb1 Rxa2 11. Bf4 O-O 12. Ra1 Ra5 13. Bd2 Rxa1 14. Rxa1
Na6 15. Nxc6 bxc6 16. Rxa6 Nd7 17. Ra7 Rd8 18. Rc7 Bf6 19. Rxc6 Bxd4 20. cxd5
exd5 21. Rd6 Kf8 22. b4 Ke7 23. Rxd5 Ne5 24. e3 Rxd5 25. Bxd5 Bb2 26. Kg2 Kd6
27. e4 f6 28. f4 Nd3 29. Bc4 Bc1 30. Bxc1 Nxc1 31. Kf3 b5 32. Bxb5 Na2 33. Kg4
Nxb4 34. Kf5 Ke7 35. Bc4 Nc2 36. e5 Ne3+ 37. Ke4 Nxc4 38. exf6+ Kxf6 39. g4
Nd2+ 0-1